Josephus : (Record no. 8150)
[ view plain ]
| 000 -LEADER | |
|---|---|
| fixed length control field | 01408cam a2200313 a 4500 |
| 001 - CONTROL NUMBER | |
| control field | 16684792 |
| 003 - CONTROL NUMBER IDENTIFIER | |
| control field | GBCCL |
| 005 - DATE AND TIME OF LATEST TRANSACTION | |
| control field | 20241126110644.0 |
| 008 - FIXED-LENGTH DATA ELEMENTS--GENERAL INFORMATION | |
| fixed length control field | 110309s1777 enkaf 001 0deng |
| 010 ## - | |
| -- | 2010714349 |
| 020 ## - INTERNATIONAL STANDARD BOOK NUMBER | |
| International Standard Book Number | 0785250492 |
| 040 ## - CATALOGING SOURCE | |
| Original cataloging agency | DLC |
| Transcribing agency | DLC |
| Description conventions | dcrmb |
| 041 1# - | |
| -- | eng |
| -- | grc |
| 042 ## - | |
| -- | pcc |
| 050 00 - | |
| -- | DS116 |
| -- | .J7 1777 |
| 082 ## - DEWEY DECIMAL CLASSIFICATION NUMBER | |
| Classification number | 933 |
| Item number | JOS |
| 100 1# - MAIN ENTRY--PERSONAL NAME | |
| Personal name | Josephus, Flavius. |
| 9 (RLIN) | 13009 |
| 240 10 - | |
| -- | Works. |
| -- | English. |
| -- | 1777 |
| 245 14 - TITLE STATEMENT | |
| Title | Josephus : |
| Remainder of title | the complete works / |
| Statement of responsibility, etc. | translated by William Whiston |
| 260 ## - PUBLICATION, DISTRIBUTION, ETC. | |
| Place of publication, distribution, etc. | Nashville : |
| Name of publisher, distributor, etc. | Thomas Nelson, |
| Date of publication, distribution, etc. | 1998. |
| 300 ## - PHYSICAL DESCRIPTION | |
| Extent | 1149 : |
| Other physical details | ill. ; |
| Dimensions | 27 cm. (4to) |
| 505 0# - FORMATTED CONTENTS NOTE | |
| Formatted contents note | (from t.p.) containing, I. The life of Josephus as written by himself -- II. The antiquities of the Jewish people, with a defence of those antiquities, in answer to Apion -- III. The history of the martyrdom of the Maccabees, and the wars of the Jews with neighboring nations till the final destruction of Jerusalem by the Roman power -- IV. Account of Philo's ambassy [sic] from the Jews of Alexandria to the Emperor Caius Caligula. |
| 561 ## - OWNERSHIP AND CUSTODIAL HISTORY | |
| Institution to which field applies | DLC |
| 650 #0 - SUBJECT ADDED ENTRY--TOPICAL TERM | |
| Topical term or geographic name entry element | Jews |
| General subdivision | History |
| Chronological subdivision | To 70 A.D. |
| 9 (RLIN) | 4710 |
| 650 #0 - SUBJECT ADDED ENTRY--TOPICAL TERM | |
| Topical term or geographic name entry element | Jews |
| General subdivision | History |
| Chronological subdivision | Rebellion, 66-73. |
| 9 (RLIN) | 14199 |
| 906 ## - LOCAL DATA ELEMENT F, LDF (RLIN) | |
| a | 7 |
| b | cbc |
| c | orignew |
| d | 2 |
| e | ncip |
| f | 20 |
| g | y-gencatlg |
| 942 ## - ADDED ENTRY ELEMENTS (KOHA) | |
| Source of classification or shelving scheme | Dewey Decimal Classification |
| Koha item type | Books |
| Koha issues (borrowed), all copies | 6 |
| Withdrawn status | Lost status | Source of classification or shelving scheme | Damaged status | Not for loan | Home library | Current Library | Shelving location | Date acquired | Source of acquisition | Cost, normal purchase price | Total checkouts | Full call number | Barcode | Date last seen | Date last checked out | Copy number | Cost, replacement price | Price effective from | Koha item type |
|---|---|---|---|---|---|---|---|---|---|---|---|---|---|---|---|---|---|---|---|
| Dewey Decimal Classification | GRACE BIBLE COLLEGE | GRACE BIBLE COLLEGE | General Studies | 2019-06-17 | 6 | 1080.00 | 7 | 933 JOS | 013644 | 2026-03-09 | 2026-03-02 | c.1 | 1080.00 | 2019-06-17 | Books |